| 000 | 00480nam a22001817a 4500 | ||
|---|---|---|---|
| 005 | 20260218150259.0 | ||
| 008 | 260218b |||||||| |||| 00| 0 eng d | ||
| 020 |
_a9788121924580 _c600.00 |
||
| 040 | _aMAIN | ||
| 041 | _aEnglish | ||
| 082 |
_a658 _bGUP |
||
| 100 |
_aGupta, R.N. _926329 |
||
| 245 |
_aPrinciples of Management _b: A Simplified Textbook of Management Studies |
||
| 260 |
_aNew Delhi _bS. Chand _c2026 |
||
| 300 | _a436 | ||
| 650 | _aManagement | ||
| 942 | _cBK | ||
| 999 |
_c60383 _d60383 |
||